Results of the Tokyo round : Proceedings of a conference on the multilateral trade negotiations
Đã lưu trong:
| Príomhúdar: | |
|---|---|
| Formáid: | Leabhar |
| Teanga: | Undetermined |
| Foilsithe: |
Washington
Chamber of Commerce of the United States
1979
|
| Ábhair: | |
| Clibeanna: |
Cuir Clib Leis
Gan Chlibeanna, Bí ar an gcéad duine leis an taifead seo a chlibeáil!
|
| Thư viện lưu trữ: | Trung tâm Học liệu Trường Đại học Cần Thơ |
|---|
| LEADER | 00688nam a2200205Ia 4500 | ||
|---|---|---|---|
| 001 | CTU_81864 | ||
| 008 | 210402s9999 xx 000 0 und d | ||
| 082 | |a 382.1 | ||
| 082 | |b P451 | ||
| 100 | |a Perkins, Elizabeth V. | ||
| 245 | 0 | |a Results of the Tokyo round : | |
| 245 | 0 | |b Proceedings of a conference on the multilateral trade negotiations | |
| 245 | 0 | |c Elizabeth V. Perkins | |
| 260 | |a Washington | ||
| 260 | |b Chamber of Commerce of the United States | ||
| 260 | |c 1979 | ||
| 650 | |a General agreement on tariffs and trade (organization),Non-tariff trade barriers | ||
| 650 | |x Congresses | ||
| 904 | |i Trọng Hải | ||
| 980 | |a Trung tâm Học liệu Trường Đại học Cần Thơ | ||